Enhancing Self-Esteem : Reengineering Yourself for Success

Guardat en:
Dades bibliogràfiques
Autor principal: Ranjit Singh Malhi
Format: Desconegut
Edició:First Edition
Etiquetes: Afegir etiqueta
Sense etiquetes, Sigues el primer a etiquetar aquest registre!
LEADER 00432 a2200109 4500
020 |a 983991880X 
100 |a Ranjit Singh Malhi  |9 134189 
245 |a Enhancing Self-Esteem : Reengineering Yourself for Success 
250 |a First Edition 
999 |c 162992  |d 162992 
998 |a 1077  |b  MOHD FIRDAUS BIN SULIMAN 
952 |0 0  |1 0  |2 lcc  |4 0  |7 3  |9 295498  |a UTHM_LIB  |b UTHM_LIB  |c OPENACCS  |d 2022-06-05  |e 114  |g 25.00  |l 0  |p 1000355055  |r 2022-06-05  |t 1  |v 25.00  |w 2022-06-05  |y BOOK_OA